30 poeti Italiani più importanti - Statistics

Statistiche generali
  • Questo quiz è stato fatto 225 volte
  • Il punteggio medio è 21 su 30
Statistiche sulle risposte
Anno di nascita Opera più nota Nome poeta % Corretto
1265 La Divina Commedia Dante Alighieri
100%
1785 I Promessi Sposi Alessandro Manzoni
98%
1798 L'infinito (poesia) Giacomo Leopardi
96%
1313 Il Decameron Giovanni Boccaccio
93%
1919 Se questo è un uomo Primo Levi
93%
1840 I Malavoglia Giovanni Verga
92%
1867 Il fu Mattia Pascal Luigi Pirandello
90%
1304 Il Canzoniere Francesco Petrarca
89%
1863 Il piacere Gabriele D’Annunzio
87%
1469 Il Principe Niccolò Machiavelli
87%
1896 Ossi di seppia Eugenio Montale
86%
1855 Myricae Giovanni Pascoli
84%
1474 Orlando furioso Ludovico Ariosto
83%
1932 Il nome della rosa Umberto Eco
79%
1923 Il barone rampante Italo Calvino
78%
1707 La locandiera Carlo Goldoni
76%
1544 Gerusalemme liberata Torquato Tasso
76%
1888 Allegria di naufragi Giuseppe Ungaretti
72%
1876 Manifesto del Futurismo Filippo Tommaso Marinetti
69%
1835 Odi barbare Giosuè Carducci
60%
1922 Ragazzi di vita Pier Paolo Pasolini
55%
1908 La luna e i falò Cesare Pavese
54%
1901 Ed è subito sera Salvatore Quasimodo
54%
1729 Il Giorno Giuseppe Parini
51%
1921 Il giorno della civetta Leonardo Sciascia
48%
1907 Gli indifferenti Alberto Moravia
44%
1912 La storia Elsa Morante
42%
1929 Lettera a un bambino mai nato Oriana Fallaci
42%
1931 La presenza di Orfeo Alda Merini
19%
1938 Un indovino mi disse Tiziano Terzani
15%
Nessun quiz corrispondente trovato
Distribuzione punteggi
Percentuale di utenti per punteggio
Percentile per numero di risposta
I tuoi punteggi nel tempo
Non hai fatto questo quiz